000 00327nam a22001457a 4500
008 230721b ||||| |||| 00| 0 eng d
020 _a6613994
041 _aeng
080 _a621
082 _a621GOT
100 _a19
101 _aMEK
245 _aQUANTUM MECHANICS VOLUME I FUNDAMETALS
_cGOTTFRIED .K
942 _2udc
_cBK
999 _c60200
_d60200